Unrecognised Nations Capitals - Statistics

General Stats
  • This quiz has been taken 989 times
    320 since last reset
  • The average score is 5 of 10
Answer Stats
Country Capital % Correct
Kosovo Pristina
94%
Taiwan Taipei
94%
Palestine Jerusalem
78%
Transnistria Tiraspol
48%
Somaliland Hargeisa
35%
Western Sahara Laayoune
31%
Northern Cyprus North Nicosia
28%
Abkhazia Sukhumi
26%
Artsakh Stepanakert
21%
South Ossetia Tskhinvali
15%
No matching quizzes found
Score Distribution
Percent of People with Each Score
Percentile by Number Answered
Your Score History
You have not taken this quiz since the last reset